| 000 | 00945nam a2200253Ia 4500 | ||
|---|---|---|---|
| 003 | OSt | ||
| 005 | 20220927104034.0 | ||
| 006 | a|||||r|||| 00| 0 | ||
| 007 | ta | ||
| 008 | 220926b |||||||| |||| 00| 0 eng d | ||
| 024 | _a92113 | ||
| 037 | _cReference Collections | ||
| 040 |
_aRTL _cRTL _beng |
||
| 041 |
_2eng _aeng |
||
| 082 | _a"X9(F55).1.N8, M2/UN" | ||
| 111 |
_aUnited Nations Economic and Social Commission for Asia and the Pacific _9362479 |
||
| 245 | 0 | _aProceedings of the committee on natural resource eight session of regional expert group meeting on follow up of Nairobi programme of action on new and renewable source of energy | |
| 260 |
_aNew _bYork United Nations USA _c1982 |
||
| 300 |
_a205p. _ccm. |
||
| 490 | _aUnited Naitons energy resources development series | ||
| 650 |
_aFuel _9362480 |
||
| 942 |
_h"X9(F55).1.N8, M2/UN" _cCC |
||
| 999 |
_c685288 _d685288 |
||